Регионална библиотека "Любен Каравелов" - Русе

Последната крепост : Одрин 1912 - 1913 (Запис номер 347588)

MARC детайли
000 -Лидер
Контролно поле с фиксирана дължина nam a22 a 4500
003 - Код на организацията, давaща контролен номер
Контролно поле BLK
005 - Дата и час на последна редакция
Контролно поле 20230206133021.0
008 - Елементи от данни с фиксирана дължина
fixed length control field 180409b bul|||||r ||||||| ||bul||
010 ## - Наследен системен номер
LC control number KNG00144033000
020 ## - Международен стандартен номер на книга ISBN
Международен стандартен номер на книга ISBN 9786197496161
040 ## - Източник на каталожния запис
Идентификатор на билиотеката - собственик на записа BLK
041 ## - Код за език
Код за езика на текст/звукозапис или на отделно заглавие Български
Код за езика КДБФ Български
072 #7 - Код за тематичната категория
Код организация bullib
Код за тематична категория Н92
Текст История Н
080 ## - УДК
Текстов определител УДК История на България 94(497.2)
УДК код - определител по УДК История на България 94(497.2)"1878- 1913"
УДК - код + определител 94(497.2)"1878- 1913"
100 ## - Редна дума - Автор
Автор Карагеоргиев, Владислав
Авторска отговорност първи автор
R(LIN) 1299
139 ## - Редно поле
Редна дума Карагеоргиев, Владислав
Авторски знак Караг - К 30
245 10 - Сведения за заглавието
Заглавие Последната крепост : Одрин 1912 - 1913
Редно поле (дума) Владислав Карагеоргиев
257 ## - Страна на издаване
Страна на създаване/издаване България
260 ## - Област на издателските данни
Име на издателя, разпространителя и проч. Българска история
Година на издаване 2019
9 (RLIN) 391895
Място на издаване, разпространение и проч. София
Печатница ([Добрич] : Фолиарт)
300 ## - Физическа характеристика
Страници 416 с.
Илюстрации и др. с ил., портр.
Размери/Мащаб 23 см
380 ## - Жанр
Жанр История
504 ## - Забележка за наличие на библиография и др
Забележка за наличие на библиография и под. Библиогр.: с. 408-414
650 #7 - Допълнително описание по предмет – тема
Основно описание – тема или топоним Балканска война, 1912 - 1913 г.
9 (RLIN) 147980
651 #7 - Допълнително описание по предмет - топоним
9 (RLIN) 179301
Географско понятие Одрин
653 #7 - Ключова дума – ненормативна
Ключова дума история
9 (RLIN) 187889
653 #7 - Ключова дума – ненормативна
Ключова дума военни действия
9 (RLIN) 183529
659 ## - Тематичен бюлетин
Тематичен бюлетин Н
852 ## - Местоположение
Фондова буква Заемна - подръчен фонд
Систематично-азбучна сигнатура П 949.72.052/К 30
856 4# - Електронен адрес и достъп
Електронен формат pdf - файл
856 4# - Електронен адрес и достъп
Електронен формат pdf - файл
999 ## - СИСТЕМНИ КОНТРОЛНИ НОМЕРА
Koha biblionumber 347588
Koha biblioitemnumber 347588
942 ## - АРТИКУЛИ
Вид на библиотечния материал Книги
Скрит в OPAC Не
Периодичен библиозапис Да
Koha issues (borrowed), all copies 4
944 ## - СЪЗДАВАНЕ И РЕДАКЦИЯ на ЗАПИСА
Създаване/Редакция Създаване
Дата на регистрацията/редакция 2020-01-09
Служител, извършил регистрацията/редакцията К.Д.
944 ## - СЪЗДАВАНЕ И РЕДАКЦИЯ на ЗАПИСА
Създаване/Редакция Редакция
Дата на регистрацията/редакция 2020-01-09
999 ## - СИСТЕМНИ КОНТРОЛНИ НОМЕРА
Koha biblioitemnumber 347588
999 ## - СИСТЕМНИ КОНТРОЛНИ НОМЕРА
Koha biblioitemnumber 347588
999 ## - СИСТЕМНИ КОНТРОЛНИ НОМЕРА
Koha biblioitemnumber 138052
Наличности
Код за отписване Код за изгубен артикул Източник на класификационната схема Код за повреда Коз за рестрикции Код за отдаване Артикулен № Име на библиотеката - собственик Име на библиотеката, в която се намира в момента Статус (Текущо местоположение) Дата на вписване в системата Местоположение - отдел Цена в лева Систематично азбучна сигнатура Баркод Цена в евро Служебен тип на артикула
  Не е изгубен Universal Decimal Classification Не е повреден без рестрикции заемане за дома 753527 Регионална библиотека "Любен Каравелов" Русе Регионална библиотека "Любен Каравелов" Русе Заемна - подръчен фонд 2020-01-13 Заемна - подръчен фонд 15.00 П 94(497.2)"1901/1918"/К 30 120000840845 7.67 Книги
  Не е изгубен Universal Decimal Classification Не е повреден без рестрикции заемане за дома 753528 Регионална библиотека "Любен Каравелов" Русе Регионална библиотека "Любен Каравелов" Русе Заемна - подръчен фонд 2020-01-13 Заемна - подръчен фонд 15.00 П 94(497.2)"1901/1918"/К 30 120000840844 7.67 Книги
  Не е изгубен Universal Decimal Classification Не е повреден без рестрикции ползва се в читалня 756370 Регионална библиотека "Любен Каравелов" Русе Регионална библиотека "Любен Каравелов" Русе Хранилище 2020-03-19 Хранилище 20.00 Цб 299031 120000843415 10.23 Книги
Vip Innovations Ltd, Rousse, Bulgaria 2025